00467nam a22001577a 4500003000900000005001700009008004100026040001300067100002100080245007400101250001100175260003700186300001000223500006900233520000700302IT-RoPau20220918181102.0130325b xxu||||| |||| 00| 0 eng d cIT-RoPau aFamiglia Paolina aSan Paolo 1999bProvincia Italia Atti dell' XI Capitolo programmatico a1° ed aRomabSSP Provincia Italiac1999 c21 cm aIndice Gennaio, Febbraio, Giugno, Settembre, Novembre, Dicembre a